00439nam a2200169Ia 4500003000400000005001700004008004100021020001800062040000700080041000800087082001500095100002500110245005700135260004900192300001500241365001300256OSt20230403100324.0210423s2009 xx 000 0 und d a9789380213002 cAL aeng a920.2 PATM aPATIL (Mallikarjun). aLibrary scientist Dr S R Gunjal: critical biography. aDharwadbShivangouda Patil Publicationc2009 aix,146bPB b200cINR